ISO 27001-vlastnosti a prínosy

Obsahové vymedzenie normy ISO27001. Vlastnosti, ciele a prínosy normy.

Salvato in:
Dettagli Bibliografici
Autore principale: Manda, Peter
Natura: Capitolo di libro
Lingua:slovacco
Soggetti:
Tags: Aggiungi Tag
Nessun Tag, puoi essere il primo ad aggiungerne!!

MARC

LEADER 00000naa$a2200000$$$4500
001 0114221
005 20230929121235.7
041 0 |a slo 
044 |a SK 
245 1 0 |a ISO 27001-vlastnosti a prínosy  |c Peter Manda 
520 |a Obsahové vymedzenie normy ISO27001. Vlastnosti, ciele a prínosy normy. 
610 2 0 |a systémy bezpečnostné 
610 2 0 |a bezpečnosť informačná 
610 2 0 |a ochrana informácií 
610 2 0 |a certifikácia 
610 2 0 |a normy ISO 
610 2 0 |a harmonizácia 
100 1 |a Manda, Peter